| 000 | 00893nam a2200229 a 4500 | ||
|---|---|---|---|
| 001 | 000493017 | ||
| 003 | AM-YeHGA | ||
| 005 | 20250618080211.0 | ||
| 008 | 060614s1957 ai |||||||||||||||0|arm|d | ||
| 040 | _aAM-YeHGA | ||
| 041 | 0 | _aarm | |
| 245 | 0 | 0 |
_aՄեր վերածնունդը եւ Անթիլիաս : _bԽօսք Տիար Յ. Խաշմանեանին. |
| 246 | 3 | 0 | _aԽօսք Տիար Յ. Խաշմանեանին |
| 260 |
_aԱ. տ. : _bտպ. Սեւան : _bՀայաստանեայց եկեղեցւոյ բարեկամներու հրատ., _c1957. |
||
| 300 |
_a24 էջ ; _c24 սմ. |
||
| 440 | 0 | _aՊատմութեան համար | |
| 500 | _a(Արտատպուած «Էջմիածին» ամսագրի 1956 դեկտեմբեր եւ 1957 փետրուար-մարտ թիւէն) | ||
| 650 | 1 | 4 | _aՀայ եկեղեցի |
| 650 | 1 | 4 |
_aՔարոզներ _94631 |
| 942 |
_2udc _cBK |
||
| 090 | _c573485 | ||
| 999 |
_c534013 _d534013 |
||